Procesos cognitivos: modelos y bases neurales /

Guardado en:
Autor Principal: Smith, Edward E.
Otros Autores: Kosslyn, Stephen M.
Formato: Libro
Publicado: Madrid : Pearson Educación, 2008
Materias:
Etiquetas: Agregar Etiqueta
Sin Etiquetas, Sea el primero en etiquetar este registro!
LEADER 00612nam a22002055a 4500
001 CEM.cems013965
008 130507s2008##################000#0#####d
005 20210705094645.0
003 CEMS
245 1 0 |a Procesos cognitivos: modelos y bases neurales /  |c Edward E. Smith y Stephen M. Kosslyn 
260 |a Madrid :  |b Pearson Educación,  |c 2008 
300 |a 664 p. 
590 |a 1103.013 
020 |a 9788483223963 
100 1 |a Smith, Edward E. 
700 1 |a Kosslyn, Stephen M. 
653 |a Educación 
653 |a Procesos cognitivos 
653 |a Biblioteca TC 
859 |a CEMS  |b BIB. CEMS - 11 de abril  |h TC  |p 1103.013  |t Ej.1